[Event "XIV It"]
[Site "Pamplona ESP"]
[Date "2004.12.23"]
[Round "2"]
[White "Sutovsky,E"]
[Black "De la Riva Aguado,O"]
[Result "1/2-1/2"]
[WhiteElo "2697"]
[BlackElo "2528"]
[EventDate "2004.12.22"]

1. e4 e6 2. d4 d5 3. Nc3 Nf6 4. Bg5 dxe4 5. Nxe4 Nbd7 6. Nf3 h6 7. Nxf6+
Nxf6 8. Bh4 c5 9. Bd3 cxd4 10. O-O Be7 11. Nxd4 O-O 12. c3 Nd5 13. Bg3 Bd6
14. Qe2 Bxg3 15. hxg3 Qc7 16. f4 Bd7 17. Rae1 Rad8 18. Bc2 g6 19. Qd2 Qb6
20. Bb3 Ne7 21. Kh2 Bb5 22. f5 Nxf5 23. Rxf5 exf5 24. Qxh6 Rxd4 25. cxd4
Re8 26. Rxe8+ Bxe8 27. Qf4 Qf6 28. Bd5 b6 29. Kg1 g5 30. Qe3 Kf8 31. Kf2
Qe7 32. Qe5 Qxe5 33. dxe5 Ke7 34. Ke3 Bb5 35. Kd4 a5 36. a3 Bd7 37. b4 axb4
38. axb4 Bb5 39. Bb7 Bf1 40. Bc8 Bxg2 41. Bxf5 Bb7 42. Be4 Bc8 43. Bd5 Bh3
44. Bf3 Bc8 45. Bd1 Bb7 46. Bc2 Bc8 47. Ke4 Be6 48. Bd3 Bc8 49. Bc4 Bh3 50.
Ba6 Be6 51. Bd3 Bc8 52. Kd5 Bb7+ 53. Kd4 Bc8 54. Bc2 Bb7 1/2-1/2

[Event "XIV It"]
[Site "Pamplona ESP"]
[Date "2004.12.24"]
[Round "3"]
[White "Vaganian,R"]
[Black "Sutovsky,E"]
[Result "0-1"]
[WhiteElo "2640"]
[BlackElo "2697"]
[EventDate "2004.12.22"]

1. d4 Nf6 2. c4 g6 3. g3 Bg7 4. Bg2 d5 5. cxd5 Nxd5 6. e4 Nb6 7. Ne2 c5 8.
d5 e6 9. Nbc3 O-O 10. O-O Na6 11. Nf4 exd5 12. exd5 Nc4 13. Re1 Nd6 14. Ne4
c4 15. Nxd6 Qxd6 16. Qe2 Bf5 17. g4 Bd7 18. Qxc4 Rac8 19. Qb3 Rxc1 20.
Raxc1 Qxf4 21. Qxb7 Nb4 22. Qc7 Qxg4 23. Qc4 Qxc4 24. Rxc4 Nd3 25. Re7 Bb5
26. Rc2 Nf4 27. Bf1 Bxf1 28. Kxf1 Rd8 29. Rd2 a5 30. d6 Bf8 31. a4 Rxd6 32.
Rxd6 Bxe7 33. Rd4 g5 34. Ke1 Bf6 35. Rc4 Bxb2 36. Kd1 Ba3 37. Rc8+ Kg7 38.
Kc2 Nd5 39. Kb3 Bb4 40. Rd8 Nf6 41. Rb8 Bc5 42. f3 h5 43. Rb7 g4 44. fxg4
hxg4 45. Rc7 Bb4 46. Rb7 Nd5 47. Rb5 Ne3 48. Rxb4 axb4 49. Kxb4 Nd5+ 50.
Kc5 Ne7 0-1

[Event "XIV It"]
[Site "Pamplona ESP"]
[Date "2004.12.28"]
[Round "6"]
[White "Gelfand,B"]
[Black "De la Riva Aguado,O"]
[Result "1-0"]
[WhiteElo "2693"]
[BlackElo "2528"]
[EventDate "2004.12.22"]

1. d4 d5 2. c4 c6 3. Nc3 Nf6 4. Nf3 a6 5. c5 Nbd7 6. Bf4 Nh5 7. Bd2 g6 8.
e4 dxe4 9. Nxe4 Ndf6 10. Nxf6+ Nxf6 11. Bc4 Bg7 12. Qb3 O-O 13. O-O Nd5 14.
h3 Rb8 15. Rae1 Be6 16. Ng5 Bf5 17. g4 Bd7 18. Qg3 h6 19. Nf3 e6 20. Ne5
Be8 21. Bd3 b6 22. Nc4 bxc5 23. Ba5 Qc8 24. dxc5 e5 25. b3 f6 26. Nd6 Qd7
27. Bd2 Bf7 28. f4 exf4 29. Bxf4 Rb4 30. Bd2 Rd4 31. Re4 Rxe4 32. Bxe4 Qa7
33. b4 Rd8 34. Kh2 a5 35. bxa5 Qxc5 36. Nxf7 Kxf7 37. Qd3 f5 38. gxf5 Be5+
39. Kh1 g5 40. f6 Rd6 41. a6 Nxf6 42. Be3 Bd4 43. Bxd4 Rxd4 44. Qb3+ Kg7
45. Qe6 Qf8 46. a7 1-0

[Event "XIV It"]
[Site "Pamplona ESP"]
[Date "2004.12.29"]
[Round "7"]
[White "Vaganian,R"]
[Black "Gelfand,B"]
[Result "1/2-1/2"]
[WhiteElo "2640"]
[BlackElo "2693"]
[EventDate "2004.12.22"]

1. d4 Nf6 2. c4 e6 3. Nf3 d5 4. Nc3 Be7 5. Bg5 h6 6. Bxf6 Bxf6 7. e3 O-O 8.
Rc1 c6 9. Bd3 Nd7 10. O-O dxc4 11. Bxc4 e5 12. Ne4 exd4 13. Nxf6+ Nxf6 14.
Qxd4 Bg4 1/2-1/2